000 00671cam a22002173a 4500
001 37634
003 PGUSA
005 20140828083827.0
008 111005s2011||||xxu|||||s|||||000 | eng d
040 _aPGUSA
_beng
042 _adc
100 1 _aAusten, Jane,
_d1775-1817
245 1 0 _aRaison et Sensibilité (tome quatrième) :
_bou les deux manièress d'aimer
_h[electronic resource] /
_cJane Austen
260 _bProject Gutenberg,
_c2011
506 _aPublic domain in the USA.
516 _aElectronic text
700 1 _aMontolieu, Isabelle de,
_d1751-1832
830 0 _aProject Gutenberg
_v37634
856 4 0 _uhttp://www.gutenberg.org/ebooks/37634
942 _cEB
999 _c266888
_d266888